000 00424nam a2200181Ia 4500
001 8916
005 20260306160645.0
008 260306t2005||||xx |||||||||||||| ||spa||
041 _aESP
082 _a371.914
_bB81
100 _aBravo Valdivieso, Luis
_eAUT
245 0 _aLenguaje escrito y dislexias
260 _c2005
300 _a241 páginas :
_ccm.
650 _aGEN
654 _aCED
942 _cLIB
_dJUS
_fJUS
_2ddc
_n
999 _c8916
_d8916